00703cam a22001931 4500001001300000003000400013005001700017008004100034010001700075040001800092050001800110110004900128245015500177260007600332300002100408610002900429700003400458999001700492tmp96021756 DLC20260227112756.0090618s1888 tnu 000 0 eng  atmp96021756  aDLCcDLCdDLC00aLD4993b.A2232 aUniversity of the South.bBoard of Trustees.10aReprints of the documents and proceedings of the Board of Trustees of the University of the South prior to 1860 /cedited by the Rev. Telfair Hodgson. a[Sewanee, Tenn. :bPrinted at the University of the South Press,c1888] a227 p. ;c19 cm.20aUniversity of the South.1 aHodgson, Telfair,d1840-1893. c91213d91213